00306nam a2200085Ia 4500008004100000082001600041100001800057245012400075260002100199231207s9999 xx 000 0 und d a808.84bLUK aLukacs, Georg 0aStudies in European realism: a sociological survey of the writings of Balzac, Stendhal, Zola, Tolstoy, Gorki and others bThe Merlin Press